Common Links- First Names - Statistics

General Stats
  • This quiz has been taken 672 times
  • The average score is 16 of 22
Answer Stats
Hint Answer % Correct
Costello, Presley Elvis
94%
McCartney, Rudd Paul
94%
Carell, Jobs Steve
94%
Barrymore, Carrey Drew
90%
Wood, Portman Natalie
89%
Keys, Silverstone Alicia
87%
Rivers, Jett Joan
85%
Love, Kardashian Courtney
83%
Fallon, Kimmel Jimmy
82%
Lovado, Moore Demi
81%
Federer, Daltrey Roger
81%
Aykroyd, Auerbach Dan
77%
Bynes, Seyfried Amanda
73%
Poehler, Adams Amy
72%
Silverman, McLachlan Sarah
69%
Grohl, Chappelle Dave
68%
Townsend, Doherty Pete
65%
McAdams, Maddow Rachel
65%
Crocker, White Betty
62%
Haim, Feldman Corey
46%
Somerhalder, Curtis Ian
35%
Levy, Mirman Eugene
21%
No matching quizzes found
Score Distribution
Percent of People with Each Score
Percentile by Number Answered
Your Score History
You have not taken this quiz